000 00575nam a2200217Ia 4500
003 OSt
005 20220925192443.0
006 a|||||r|||| 00| 0
007 ta
008 220923b |||||||| |||| 00| 0 eng d
037 _cGeneral Book
040 _aRTL
_cRTL
_beng
041 _2eng
_aeng
082 _aXv, M0
100 _aMatyas Antal
_9245230
245 0 _aHistory of modern non-marxian economics
260 _aBudapest
_bAkademiai Kiado
_c1980
300 _a592p
_ccm.
942 _hXv, M0
_cGB
_2CC
999 _c522217
_d522217